000
00224nam a2200097Ia 4500
005
20251222114343.0
008
251222s1900||||xx |||||||||||||| ||spa||
082
_a
DVD0060/C523H
245
0
_a
Charles Chaplin: cortos:
942
_c
DVD
999
_c
931
_d
931